MARC

LEADER 00000nam0a2200000 4500
001 32844
005 20231030205449.0
035 |a (RuTPU)RU\TPU\book\33147 
035 |a BOOK00000064 
090 |a 32844 
100 |a 20011210d1978 k y0rusy50 ca 
101 0 |a rus 
102 |a RU 
105 |a а z 001zy 
200 1 |a Теория виброударных систем. Приближенные методы  |f В. И. Бабицкий 
210 |a Москва  |c Наука  |d 1978 
215 |a 352 с.  |c ил. 
320 |a Библиогр.: с. 341-349. 
320 |a Указ. имен. и предм.: с. 350-352. 
610 1 |a физика 
610 1 |a виброударные системы 
610 1 |a теория 
610 1 |a виброударные процессы 
610 1 |a системный синтез 
610 1 |a колебательные системы 
610 1 |a твердые тела 
610 1 |a соударения 
675 |a 534.01  |v 3 
700 1 |a Бабицкий  |b В. И.  |g Владимир Ильич 
801 0 |a RU  |b 63413507  |c 20011210  |g PSBO 
801 2 |a RU  |b 63413507  |c 20190805  |g PSBO 
942 |c BK